UM Logo

General mathematics : (Record no. 18514)

MARC details
000 -LEADER
fixed length control field 00571nam a22001577a 4500
008 - FIXED-LENGTH DATA ELEMENTS--GENERAL INFORMATION
fixed length control field 231124b ||||| |||| 00| 0 eng d
020 ## - INTERNATIONAL STANDARD BOOK NUMBER
International Standard Book Number 9789719655206
082 ## - DEWEY DECIMAL CLASSIFICATION NUMBER
Edition number 2023
Classification number DFil 510
Item number Si79
100 ## - MAIN ENTRY--PERSONAL NAME
Personal name Sirug, Winston S.
9 (RLIN) 50197
245 ## - TITLE STATEMENT
Title General mathematics :
Remainder of title a comprehensive approach for senior high school-core subject K-12 curriculum compliant /
Statement of responsibility, etc. Winston S. Sirug.
250 ## - EDITION STATEMENT
Edition statement Revised edition.
260 ## - PUBLICATION, DISTRIBUTION, ETC. (IMPRINT)
Place of publication, distribution, etc. Manila :
Name of publisher, distributor, etc. Mindshapers Co., Inc.,
Date of publication, distribution, etc. ©2023
300 ## - PHYSICAL DESCRIPTION
Extent x, 288 pages :
Other physical details illustrations ;
Dimensions 25 cm.
650 ## - SUBJECT ADDED ENTRY--TOPICAL TERM
Topical term or geographic name as entry element Mathematics.
9 (RLIN) 50203
942 ## - ADDED ENTRY ELEMENTS (KOHA)
Source of classification or shelving scheme Dewey Decimal Classification
Koha item type Filipiniana
Holdings
Withdrawn status Lost status Source of classification or shelving scheme Damaged status Not for loan Collection code Home library Current library Date acquired Source of acquisition Cost, normal purchase price Total Checkouts Full call number Barcode Date last seen Copy number Price effective from Koha item type
    Dewey Decimal Classification     Filipiniana UM Digos College - LIC UM Digos College - LIC 08/08/2023 Purchased 1090.00   DFil 510 Si79 2023 27364 05/15/2025 1 11/24/2023 Filipiniana
    Dewey Decimal Classification     Filipiniana UM Digos College - LIC UM Digos College - LIC 08/08/2023 Purchased 1090.00   DFil 510 Si79 2023 27365 05/15/2025 2 11/24/2023 Filipiniana